Enciclopedia escolar visor 3 : estrellas y planetas
Guardado en:
| Formato: | Libro |
|---|---|
| Publicado: |
Buenos Aires :
Visor,
2001
|
| Materias: | |
| Etiquetas: |
Agregar Etiqueta
Sin Etiquetas, Sea el primero en etiquetar este registro!
|
| LEADER | 00864nam a22002055a 4500 | ||
|---|---|---|---|
| 001 | CEM.cems012639 | ||
| 005 | 20070625155659.0 | ||
| 008 | 130507s2001##################000#0#####d | ||
| 003 | CEMS | ||
| 020 | |a 9875221414 | ||
| 082 | 0 | 4 | |a 520 |
| 245 | 0 | 0 | |a Enciclopedia escolar visor 3 : |b estrellas y planetas |
| 260 | |a Buenos Aires : |b Visor, |c 2001 | ||
| 300 | |a 32 p. | ||
| 505 | 0 | |a El universo -- Las galaxias -- Las estrellas -- Los agujeros negros -- Las constelaciones -- El sistema solar -- El sol -- Planetas -- Mercurio --Venus -- La tierra -- La luna -- Marte -- Júpiter -- Saturno -- Urano -- Neptuno -- Plutón -- Las lunas -- Los cometas -- Los asteroides | |
| 653 | |a Sistema solar | ||
| 653 | |a Planetas | ||
| 653 | |a Astronomía-2do. egb | ||
| 653 | |a Biblioteca maría de los angeles saggio | ||
| 859 | |a CEMS |b BIB. CEMS - 11 de abril |h 520 |i En16 |p 23946.07 |t Ej.1 |v 3 |3 3 | ||
